000 00524cam a22001814a 4500
005 20250605164030.0
008 250528s ||||||||||||||||||||||||d
035 _a16621
020 _a9605600129
040 _aGR-AtMCL
_bgre
_dGR-AtMCL
_eAACR2
245 1 _aΡήγας Βελεστινλής / Θεωρία και Πράξη
260 _bΒουλη Των Ελληνων,
_c1998
300 _a112
700 1 _aΚιτρομηλιδής Πασχάλης Μ
_92707
942 _cBK
999 _c2100
_d2100